000 00405nam a2200145Ia 4500
008 231129s1992||||xx |||||||||||||| ||spa||
020 _a958-95471-0-9
040 _bspa
082 _a615.85 R741e
100 _aRojas Posada Santiago
245 0 _aEsencias florales : un camino
260 _c1992
264 _aBogotá Colombia : Siu - Tutuava
942 _2ddc
_cBKS
999 _c13403
_d13403